000 00858nmm a22001937a 4500
005 20131205120552.0
008 131205b2009 ck ||||| |||| 00| 0 spa d
041 _aspa
044 _ack
090 _aLB
_b05841
110 _aFundación Vida Silvestre Neotropical
_93255
245 _aEvaluación de la población de felinos silvestres e implementación de la estrategia para su conservación en la jurisdicción de Coropoguavio :
_bConvenio de cooperación Nº 177
260 _aGuavio
_bFundación Vida Silvestre Neotropical
_c2009
300 _a83 p.,
_bil., (col), tablas, mapas,
_c13 cm
500 _aConvenio de cooperación Nº 177 suscrito entre la corporación autónoma regional del Guavio-Corpoguavio y la Fundación Vida Silvestre Neotropical FVSN
504 _aIncluye referencias
505 _aIncluye tabla de contenido
942 _2z
_cCD-ROM
999 _c8008
_d8008